Taylor Swift - Devine les chansons par leurs bridge #9 - Statistiques

Statistiques générales
  • Ce quiz a été pris 114 fois
    111 depuis la dernière actualisation
  • Le résultat moyen est 7 sur 15
Statistiques - réponses
Hint Réponse % Correct
And you wanna screamDon't call me "kid," don't call me "baby" Look at this godforsaken mess that you made me You showed me colors you know I can't see with anyone else Don't call me "kid," don't call me "baby" Look at this idiotic fool that you made me You taught me a secret language I can't speak with anyone else illicit affairs
95%
And I sound like an infantFeeling like the very last drops of an ink pen A greater woman stays cool But I howl like a wolf at the moon And I look unstable Gathered with a coven 'round a sorceress' table A greater woman has faith But even statues crumble if they're made to wait I'm so afraid I sealed my fate No sign of soulmates I'm just a paperweight in shades of greige Spending my last coin so someone will tell me it'll be okay Ooh, ooh, ooh, ooh The Prophecy
77%
Is this the end of all the endings?My broken bones are mending With all these nights we're spending Up on the roof with a school girl crush Drinkin' beer out of plastic cups Say you fancy me, not fancy stuff Baby, all at once, this is enough King Of My Heart
73%
I want to drive away with youI want your complications too I want your dreary Mondays Wrap your arms around me, baby boy I want to drive away with you I want your complications too I want your dreary Mondays Wrap your arms around me, baby boy Uh-huh Paper Rings
72%
Sometimes, I wonder if you're gonna screw this up with meBut you told Lucy you'd kill yourself if I ever leave And I had said that to Jack about you, so I felt seen Everyone we know understands why it's meant to be 'Cause we're crazy So tell me, who else is gonna know me? At dinner, you take my ring off my middle finger And put it on the one people put wedding rings on And that's the closest I've come to my heart exploding The Tortured Poets Department
67%
I know, I knowI just know You're not gone You can't be gone, no Haunted
64%
Like any great love, it keeps you guessingLike any real love, it's ever-changing Like any true love, it drives you crazy But you know you wouldn't change anything, anything, anything Welcome to New York
60%
Does it feel like everything's just likeSecond best after that meteor strike? And what's that that I heard? That you're still with her? That's nice, I'm sure that's what's suitable And right, but tonight Question
40%
I find the artifacts, cried over a hatCursed the space that I needed I trace the evidence, make it make some sense Why the wound is still bleedin' You were the one that I loved Don't need another metaphor, it's simple enough A wrinkle in time like the crease by your eyes This is why they shouldn't kill off the main guy Dreams of your hair and your stare and sense of belief In the good in the world, you once believed in me And I felt you and I held you for a while Bet I could still melt your world Argumentative, antithetical dream girl Hits Different
37%
Were you waiting at our old spotIn the tree line by the gold clock Did I leave you hanging every single day? Were you standing in the hallway With a big cake, happy birthday Did I paint your bluest skies the darkest grey? A universe away And when I got into the accident The sight that flashed before me was your face But when I walked up to the podium I think that I forgot to say your name coney island
33%
Now I'm slidin' down the wall with my head in my handsSayin', "How could I not see the signs?" Oh, you haven't written me or called But goodbye screamin' in the silence And the voices in my head are tellin' me why 'Cause you got her on your arm and me in the wings I'll get your longing glances, but she'll get your ring And you will say you had the best of intentions And maybe I will finally learn my lesson Foolish One
29%
Two headlights shine through the sleepless nightAnd I will get you a— get you alone Your name has echoed through my mind And I just think you should— think you should know That nothing safe is worth the drive And I would follow you, follow you home I'll follow you, follow you home Treacherous
20%
They're dimming the street lightsYou're perfect for me Why aren't you here tonight? I'm waitin' alone now So come on and come out And pull me near And shine, shine, shine Hey Stephen
16%
And there's so much that I can't touchYou're all I want, but it's not enough this time And all the pages are just slipping through my hands And I'm so scared of how this ends Bye Bye Baby
12%
Like shadows in a faded lightOh, we're *** I just wanna open your eyes And make you realize Invisible
12%
Aucun quiz correspondant
Distribution des résultats
% des personnes avec chaque résultat
Percentile par nombre de réponses
Votre historique - résultats
Vous n’avez pas pris ce quiz depuis la dernière actualisation